Business Communication Skills / (Record no. 1168)

MARC details
000 -LEADER
Fixed length control field 00457nam a2200169 4500
003 - CONTROL NUMBER IDENTIFIER
Control field SEACOMMC
005 - DATE AND TIME OF LATEST TRANSACTION
Control field 20250512105752.0
008 - FIXED-LENGTH DATA ELEMENTS--GENERAL INFORMATION
Fixed length control field 250401b |||||||| |||| 00| 0 eng d
020 ## - INTERNATIONAL STANDARD BOOK NUMBER / ISBN
International Standard Book Number 81-828-1087-6
Price Rs.225.00
040 ## - CATALOGING SOURCE
Original cataloging agency SEACOMMC
082 ## - DEWEY DECIMAL CLASSIFICATION NUMBER
Classification number 428.1
Book Number S 671
100 ## - MAIN ENTRY--PERSONAL NAME
Personal name Sinha, A.K.
245 1# - TITLE STATEMENT
Title Business Communication Skills /
Statement of responsibility A.K. Sinha
260 ## - IMPRINT
Place of publication Delhi
Name of publisher Vrinda Publications
Date of publication c 2009
650 ## - SUBJECT ADDED ENTRY--TOPICAL TERM
Topical term Business Communication
942 ## - ADDED ENTRY ELEMENTS (KOHA)
Koha item type Books
Holdings
Withdrawn status Lost status Source of classification Damaged status Not for loan Home library Current library Shelving location Date acquired Total Checkouts Call number Accession number Date last seen Price effective from Koha item type Copy number
    Dewey Decimal Classification     SEACOM MANAGEMENT COLLEGE SEACOM MANAGEMENT COLLEGE Reference 03/03/2010   428.1 S 671 M-2799 01/04/2025 01/04/2025 Reference Books  
    Dewey Decimal Classification     SEACOM MANAGEMENT COLLEGE SEACOM MANAGEMENT COLLEGE   03/03/2010   428.1 S 671 M-2800 01/04/2025 01/04/2025 Books 1
    Dewey Decimal Classification     SEACOM MANAGEMENT COLLEGE SEACOM MANAGEMENT COLLEGE   03/03/2010   428.1 S 671 M-2801 01/04/2025 01/04/2025 Books 2
    Dewey Decimal Classification     SEACOM MANAGEMENT COLLEGE SEACOM MANAGEMENT COLLEGE   03/03/2010   428.1 S 671 M-2802 01/04/2025 01/04/2025 Books 3
© Seacom Engineering College, All rights reserved.    Powered by Koha